Revertir el destierro forzado proteccin̤ y restitucin̤ de los territorios usurpados a la poblacin̤ desplazada en Colombia /

Bibliographic Details
Main Author: Bouley, Catherine
Format: eBook
Language:Spanish
Published: Bogot:̀ Comisin̤ Colombiana de Juristas, 2006
Subjects:
Online Access:Acceso restringido

MARC

LEADER 00000nam a22000007a 4500
005 20200310223358.0
007 cr|||| ||||
008 200310s2006 co |||||s|||| 00||0 spa d
020 |a 978-958-9348-38-3 
035 |a 31201 
040 |a vLex 
090 |c 10222  |d 10222 
100 1 |a Bouley, Catherine 
245 1 0 |a Revertir el destierro forzado  |h [Recurso electrn̤ico] :  |b proteccin̤ y restitucin̤ de los territorios usurpados a la poblacin̤ desplazada en Colombia /  |c Catherine Bouley 
256 |a Servicio en ln̕ea 
260 |a Bogot:̀  |b Comisin̤ Colombiana de Juristas,  |c 2006 
300 |a 1 recurso electrn̤ico 
506 1 |a Disponible solo en los productos indicados  |d vLex Global  |d vLex Global (Academic Edition, excluding Law Schools)  |d vLex Global (U.S. Academic Edition, Law Schools)  |d vLex Global (U.S. Academic Edition, excluding Law Schools)  |d vLex Global (Academic Edition, Law Schools) 
650 0 4 |a Derecho Pb︢lico y Administrativo  |z Colombia 
740 0 |a vLex Libros (Servicio en ln̕ea) 
856 |u http://vlex.com/source/revertir-destierro-forzado-proteccion-restitucion-territorios-usurpados-poblacion-desplazada-colombia-31201  |z Acceso restringido 
942 |c BOOK 
999 0 |a Public and Administrative Law